Procesné inštitúty v správnom konaní
Všeobecná charakteristika správneho konania. Procesné inštitúty v správnom konaní. Lehoty v správnom konaní.
Salvato in:
| Autore principale: | |
|---|---|
| Natura: | Capitolo di libro |
| Lingua: | slovacco |
| Soggetti: | |
| Tags: |
Nessun Tag, puoi essere il primo ad aggiungerne!!
|
MARC
| LEADER | 00000naa a2200000 4500 | ||
|---|---|---|---|
| 001 | 0213957 | ||
| 005 | 20231120130947.2 | ||
| 041 | 0 | |a slo | |
| 044 | |a SK | ||
| 245 | 1 | 0 | |a Procesné inštitúty v správnom konaní |c Ladislav Hrtánek |
| 520 | |a Všeobecná charakteristika správneho konania. Procesné inštitúty v správnom konaní. Lehoty v správnom konaní. | ||
| 610 | 2 | 0 | |a konanie správne |
| 610 | 2 | 0 | |a konanie daňové |
| 610 | 2 | 0 | |a poriadok daňový |
| 610 | 2 | 0 | |a správa verejná |
| 100 | 1 | |a Hrtánek, Ladislav | |